000 00239nam a22001097a 4500
082 _a670.42 GEN
100 _aPDF
_956879
245 _aGENERAL ENGINEERING WORKSHOP PRACTICE
260 _aLONDON
_bPDF
_c1959
300 _a585P
942 _cBK
999 _c569337
_d569337